[Event "HUN-ch Rapid"]
[Site "Ajka"]
[Date "2022.07.16"]
[Round "7"]
[White "Kelemen, David"]
[Black "Kokeny, Gabor"]
[Result "1-0"]
[WhiteElo "2136"]
[BlackElo "2204"]
[PlyCount "73"]
[EventDate "2022.07.15"]
[EventType "swiss (rapid)"]
[EventRounds "13"]
[EventCountry "HUN"]
[SourceTitle "CBM 209 Extra"]
[Source "ChessBase"]
[SourceDate "2022.09.30"]
[SourceVersion "1"]
[SourceVersionDate "2022.09.30"]
[SourceQuality "1"]

1. e4 d5 2. exd5 Qxd5 3. Nc3 Qa5 4. d4 Nf6 5. Bc4 Bf5 6. Nf3 c6 7. Bd2 e6 8. Nd5 Qd8 9. Nxf6+ gxf6 10. Bb3 Bg6 11. Qe2 Nd7 12. Nh4 f5 13. g3 Be7 14. Ng2 Nf6 15. Nf4 Qxd4 16. 0-0-0 Qe4 17. Qf1 0-0-0 18. Re1 Qd4 19. Be3 Qb4 20. Bxa7 Ne4 21. c3 Qa5 22. Be3 b5 23. f3 Nxc3 24. Qf2 Na4 25. Bd4 Rxd4 26. Qxd4 Rd8 27. Qe3 Nxb2 28. Kxb2 Bf6+ 29. Kb1 Kb7 30. Rd1 Qa3 31. Qe2 Ra8 32. Rd3 Qb4 33. Qd2 Qc5 34. Rd7+ Kb6 35. Re1 Bc3 36. Qe3 Bxe1 37. Rb7+ 1-0

[Event "HUN-chT 2122"]
[Site "Hungary"]
[Date "2022.04.10"]
[Round "9.6"]
[White "Aczel, Gergely"]
[Black "Kelemen, David"]
[Result "1-0"]
[WhiteElo "2554"]
[BlackElo "2154"]
[PlyCount "63"]
[EventDate "2021.10.10"]
[EventType "team-tourn"]
[EventRounds "9"]
[EventCountry "HUN"]
[SourceTitle "EXT 2023"]
[Source "ChessBase"]
[SourceDate "2022.10.05"]
[SourceVersion "1"]
[SourceVersionDate "2022.10.05"]
[SourceQuality "1"]
[WhiteTeam "Tungsram ANSK"]
[BlackTeam "Maroczy"]
[WhiteTeamCountry "HUN"]
[BlackTeamCountry "HUN"]

1. d4 Nf6 2. c4 g6 3. f3 Bg7 4. e4 d6 5. Nc3 0-0 6. Bg5 c5 7. d5 Na6 8. Qd2 Re8 9. Bd3 Rb8 10. Nge2 Nc7 11. a4 b6 12. 0-0 a6 13. Rab1 Nd7 14. f4 Bb7 15. e5 f6 16. e6 fxg5 17. exd7 Qxd7 18. f5 h6 19. fxg6 e6 20. Rf7 Re7 21. Rbf1 Rf8 22. Rxf8+ Bxf8 23. Ng3 Bg7 24. Kh1 exd5 25. cxd5 Qg4 26. Nf5 Rd7 27. h3 Qb4 28. Qe3 Qxb2 29. Nxg7 Rxg7 30. Qf3 Ne6 31. Qf6 Nf4 32. Qd8# 1-0

[Event "HUN-ch U18"]
[Site "Budapest"]
[Date "2020.10.28"]
[Round "7"]
[White "Vodila, Martin Botond"]
[Black "Kelemen, David"]
[Result "1-0"]
[WhiteElo "2224"]
[BlackElo "2171"]
[PlyCount "69"]
[EventDate "2020.10.24"]
[EventType "tourn"]
[EventRounds "9"]
[EventCountry "HUN"]
[SourceTitle "CBM 199 Extra"]
[Source "ChessBase"]
[SourceDate "2021.01.31"]
[SourceVersion "1"]
[SourceVersionDate "2021.01.31"]
[SourceQuality "1"]

1. e4 c5 2. Nf3 d6 3. d4 cxd4 4. Qxd4 Nc6 5. Bb5 Bd7 6. Bxc6 Bxc6 7. Nc3 Nf6 8. Bg5 e6 9. 0-0-0 Be7 10. Rhe1 0-0 11. Kb1 Qa5 12. Qd2 Qb6 13. Nd4 Rfc8 14. f3 a6 15. g4 Bd7 16. Nb3 Rd8 17. h4 Rac8 18. h5 h6 19. Be3 Qc7 20. g5 Nxh5 21. gxh6 g6 22. Rh1 Kh7 23. Rdg1 Rg8 24. Bg5 Bc6 25. Nd4 Nf6 26. Nxc6 bxc6 27. Qf4 e5 28. Qh4 Qd8 29. f4 Rf8 30. fxe5 Ng8 31. Bxe7 Qxe7 32. Qxe7 Nxe7 33. exd6 Ng8 34. e5 Rfe8 35. d7 1-0

[Event "HUN-chT 1920"]
[Site "Hungary"]
[Date "2019.12.01"]
[Round "3.11"]
[White "Polyik, Peter"]
[Black "Kelemen, David"]
[Result "1-0"]
[WhiteElo "2327"]
[BlackElo "2131"]
[PlyCount "67"]
[EventDate "2019.11.16"]
[EventType "team-tourn"]
[EventRounds "9"]
[EventCountry "HUN"]
[SourceTitle "CBM 193 Extra"]
[Source "ChessBase"]
[SourceDate "2020.01.31"]
[SourceVersion "1"]
[SourceVersionDate "2020.01.31"]
[SourceQuality "1"]
[WhiteTeam "Kobanya Aquarena"]
[BlackTeam "Maroczy"]
[WhiteTeamCountry "HUN"]
[BlackTeamCountry "HUN"]

1. d4 Nf6 2. c4 g6 3. Nc3 Bg7 4. e4 d6 5. h3 0-0 6. Bg5 h6 7. Be3 c6 8. g4 Nfd7 9. Qd2 Kh7 10. Be2 Na6 11. h4 e5 12. d5 cxd5 13. cxd5 Ndc5 14. h5 g5 15. f3 Bd7 16. Nh3 Bf6 17. Nf2 Rc8 18. 0-0 b6 19. Nb5 Bxb5 20. Bxb5 Nb8 21. b4 Ncd7 22. Rfc1 a6 23. Rxc8 Qxc8 24. Rc1 Qd8 25. Bxd7 Nxd7 26. Qc2 b5 27. Qc7 Nb8 28. Nh1 Kg8 29. Ng3 Bg7 30. Nf5 Qxc7 31. Rxc7 Rd8 32. Nxd6 Bf8 33. Nxf7 Rd7 34. Nxh6+ 1-0

[Event "HUN-chT U18"]
[Site "Budapest"]
[Date "2019.10.27"]
[Round "2.2"]
[White "Kelemen, David"]
[Black "Erseki, Tamara"]
[Result "1-0"]
[WhiteElo "2166"]
[BlackElo "2008"]
[PlyCount "65"]
[EventDate "2019.10.26"]
[EventType "team-swiss"]
[EventRounds "7"]
[EventCountry "HUN"]
[SourceTitle "CBM 192 Extra"]
[Source "Chessbase"]
[SourceDate "2019.11.06"]
[SourceVersion "1"]
[SourceVersionDate "2019.11.06"]
[SourceQuality "1"]
[WhiteTeam "Szeged Maroczy"]
[BlackTeam "Tapolca VSE"]
[WhiteTeamCountry "HUN"]
[BlackTeamCountry "HUN"]

1. e4 c5 2. Nf3 Nc6 3. d4 cxd4 4. Nxd4 g6 5. Nc3 Bg7 6. Be3 Nf6 7. Bc4 0-0 8. Bb3 Ng4 9. Qxg4 Nxd4 10. Qd1 Nc6 11. 0-0 d6 12. f4 Qa5 13. Qd2 b5 14. Rae1 b4 15. Nd1 Ba6 16. Rf3 Rad8 17. Rh3 Bc8 18. f5 Qe5 19. Bd5 Bd7 20. c3 bxc3 21. bxc3 h5 22. Rg3 e6 23. Bxc6 Bxc6 24. Bd4 Qb5 25. f6 Bh8 26. Qh6 Bxe4 27. Rxe4 Qf5 28. Rf4 Qb1 29. Rf1 e5 30. Be3 d5 31. Nf2 Qc2 32. Nh3 d4 33. Ng5 1-0

[Event "HUN-chT2 Maroczy 1819"]
[Site "Hungary"]
[Date "2019.01.27"]
[Round "6.2"]
[White "Kelemen, David"]
[Black "Veszpremi, Andras"]
[Result "0-1"]
[WhiteElo "2094"]
[BlackElo "2303"]
[PlyCount "54"]
[EventDate "2018.09.23"]
[EventType "team-tourn"]
[EventRounds "11"]
[EventCountry "HUN"]
[SourceTitle "EXT 2020"]
[Source "ChessBase"]
[SourceDate "2019.10.17"]
[SourceVersion "1"]
[SourceVersionDate "2019.10.17"]
[SourceQuality "1"]
[WhiteTeam "Szeged Maroczy II"]
[BlackTeam "Dunaharaszti II"]
[WhiteTeamCountry "HUN"]
[BlackTeamCountry "HUN"]

1. e4 c5 2. Nf3 Nc6 3. d4 cxd4 4. Nxd4 g6 5. Nc3 Bg7 6. Be3 Nf6 7. Bc4 0-0 8. Bb3 d6 9. h3 Bd7 10. 0-0 Na5 11. Qd3 a6 12. f4 Nxb3 13. cxb3 Rc8 14. Rad1 Qc7 15. Nf3 Bc6 16. g4 Rfd8 17. Rc1 Qa5 18. a3 Bb5 19. Nxb5 Qxb5 20. Qxb5 axb5 21. Bb6 Rf8 22. Rce1 Rc2 23. Rf2 Rfc8 24. Ree2 Rc1+ 25. Kg2 d5 26. e5 Ne4 27. Rf1 Rxf1 0-1

[Event "HUN-chT 1819"]
[Site "Hungary"]
[Date "2018.12.02"]
[Round "3.2"]
[White "Kelemen, David"]
[Black "Csiszar, Zoltan"]
[Result "1-0"]
[WhiteElo "2154"]
[BlackElo "2257"]
[PlyCount "67"]
[EventDate "2018.11.17"]
[EventType "team-tourn"]
[EventRounds "9"]
[EventCountry "HUN"]
[SourceTitle "CBM 187 Extra"]
[Source "ChessBase"]
[SourceDate "2018.11.04"]
[SourceVersion "1"]
[SourceVersionDate "2018.11.04"]
[SourceQuality "1"]
[WhiteTeam "Maroczy"]
[BlackTeam "Csuti Hydro"]
[WhiteTeamCountry "HUN"]
[BlackTeamCountry "HUN"]

1. e4 c6 2. d4 d5 3. Nc3 dxe4 4. Nxe4 Bf5 5. Ng3 Bg6 6. N1e2 e6 7. Nf4 Bd6 8. c3 Nf6 9. h4 Bxf4 10. Bxf4 h6 11. h5 Bh7 12. Qb3 Qe7 13. c4 b6 14. Be2 0-0 15. Bf3 e5 16. dxe5 Nfd7 17. 0-0 Nxe5 18. Rfe1 Nxf3+ 19. Qxf3 Qf6 20. Rad1 Na6 21. Rd6 Qh4 22. Rxc6 Rfe8 23. Rxe8+ Rxe8 24. Qe3 Qd8 25. Rd6 Qc8 26. Qd4 Nc5 27. Bd2 Bb1 28. Bc3 f6 29. Qd5+ Ne6 30. Rc6 Qb8 31. Rxe6 Rxe6 32. Qxe6+ Kh7 33. Ne4 Qf8 34. f3 1-0

[Event "HUN-chT 1819"]
[Site "Hungary"]
[Date "2018.11.18"]
[Round "2.3"]
[White "Medvegy, Zoltan"]
[Black "Kelemen, David"]
[Result "1-0"]
[WhiteElo "2538"]
[BlackElo "2154"]
[PlyCount "58"]
[EventDate "2018.11.17"]
[EventType "team-tourn"]
[EventRounds "9"]
[EventCountry "HUN"]
[SourceTitle "CBM 187 Extra"]
[Source "ChessBase"]
[SourceDate "2018.11.04"]
[SourceVersion "1"]
[SourceVersionDate "2018.11.04"]
[SourceQuality "1"]
[WhiteTeam "Aquaprofit"]
[BlackTeam "Maroczy"]
[WhiteTeamCountry "HUN"]
[BlackTeamCountry "HUN"]

1. d4 Nf6 2. Nf3 g6 3. g3 Bg7 4. Bg2 0-0 5. 0-0 d6 6. b3 c5 7. c4 Na6 8. Bb2 Rb8 9. Nc3 Bg4 10. Nb5 Nb4 11. Nxa7 Ra8 12. a3 Rxa7 13. axb4 Rxa1 14. Qxa1 cxb4 15. Qa7 Qc7 16. Ra1 d5 17. Rc1 Ne4 18. Qa4 Nc3 19. Bxc3 bxc3 20. Rxc3 Bxf3 21. Bxf3 Bxd4 22. Rd3 e5 23. Bxd5 Qb6 24. Rf3 Qc7 25. b4 Kg7 26. Rd3 Rb8 27. Qb5 f5 28. e3 Bb2 29. Rd2 Ba1 1-0

[Event "HUN-chT2 Maroczy 1819"]
[Site "Hungary"]
[Date "2018.09.23"]
[Round "1.4"]
[White "Karacsonyi, Gellert"]
[Black "Kelemen, David"]
[Result "0-1"]
[WhiteElo "2218"]
[BlackElo "2094"]
[PlyCount "62"]
[EventDate "2018.09.23"]
[EventType "team-tourn"]
[EventRounds "11"]
[EventCountry "HUN"]
[SourceTitle "EXT 2020"]
[Source "ChessBase"]
[SourceDate "2019.10.17"]
[SourceVersion "1"]
[SourceVersionDate "2019.10.17"]
[SourceQuality "1"]
[WhiteTeam "Penzugyor II"]
[BlackTeam "Szeged Maroczy II"]
[WhiteTeamCountry "HUN"]
[BlackTeamCountry "HUN"]

1. e4 c5 2. Nf3 Nc6 3. d4 cxd4 4. Nxd4 g6 5. Nc3 Bg7 6. Be3 Nf6 7. Bc4 0-0 8. Bb3 a5 9. Nxc6 bxc6 10. e5 Ne8 11. Bd4 c5 12. Bxc5 Bxe5 13. Na4 Rb8 14. Qe2 d6 15. Rd1 Bd7 16. Bd4 Bxd4 17. Rxd4 e5 18. Rd1 Qh4 19. g3 Qh3 20. Nc3 Bc6 21. f3 Kg7 22. a4 f5 23. Nd5 f4 24. g4 Nf6 25. Qf2 Rxb3 26. cxb3 Nxd5 27. b4 Nxb4 28. Rxd6 Bxf3 29. Rd7+ Kg8 30. Rf1 Bxg4 31. Rd6 Nd3+ 0-1

[Event "HUN-chT U18"]
[Site "Zalakaros"]
[Date "2018.07.28"]
[Round "5.3"]
[White "Kelemen, David"]
[Black "Czupor, Attila"]
[Result "1-0"]
[WhiteElo "2064"]
[BlackElo "2223"]
[PlyCount "99"]
[EventDate "2018.07.26"]
[EventType "team-swiss"]
[EventRounds "7"]
[EventCountry "HUN"]
[SourceTitle "CBM 185 Extra"]
[Source "ChessBase"]
[SourceDate "2018.07.29"]
[SourceVersion "1"]
[SourceVersionDate "2018.07.29"]
[SourceQuality "1"]
[WhiteTeam "Maroczy"]
[BlackTeam "Haladas"]
[WhiteTeamCountry "HUN"]
[BlackTeamCountry "HUN"]

1. e4 e5 2. Nf3 Nc6 3. Bb5 a6 4. Ba4 Nge7 5. c3 g6 6. d4 exd4 7. cxd4 Bg7 8. d5 b5 9. Bb3 Na5 10. Bd2 c5 11. Bc3 Bxc3+ 12. Nxc3 d6 13. 0-0 Bg4 14. h3 Bxf3 15. Qxf3 0-0 16. Rfe1 b4 17. Ne2 Kg7 18. Rad1 Ng8 19. Ba4 Qf6 20. Qg3 Qxb2 21. Qxd6 Qxa2 22. Ra1 Qc4 23. Qb6 Nb3 24. Bxb3 Qxb3 25. Qxc5 Rfb8 26. Nd4 Qb2 27. Nc6 Rb5 28. Qc4 Nf6 29. Reb1 Qd2 30. Rxb4 Rxb4 31. Nxb4 Re8 32. f3 Rb8 33. Nd3 a5 34. e5 Nxd5 35. Qxd5 Rb2 36. f4 Qe3+ 37. Kh2 Rd2 38. Ra3 Rd1 39. Qf3 Qg1+ 40. Kg3 Rd2 41. Nf2 h5 42. h4 Qe1 43. Re3 Qb1 44. e6 fxe6 45. Rb3 Qa1 46. Rb7+ Kh6 47. Qe3 Qd4 48. Qxd4 Rxd4 49. Nh3 e5 50. Ng5 1-0

[Event "HUN-chT U18"]
[Site "Zalakaros"]
[Date "2018.07.28"]
[Round "6.4"]
[White "Kelemen, David"]
[Black "Pasztor, Balazs"]
[Result "1/2-1/2"]
[WhiteElo "2064"]
[BlackElo "2072"]
[PlyCount "57"]
[EventDate "2018.07.26"]
[EventType "team-swiss"]
[EventRounds "7"]
[EventCountry "HUN"]
[SourceTitle "CBM 185 Extra"]
[Source "ChessBase"]
[SourceDate "2018.07.29"]
[SourceVersion "1"]
[SourceVersionDate "2018.07.29"]
[SourceQuality "1"]
[WhiteTeam "Maroczy"]
[BlackTeam "Geniusz Tata"]
[WhiteTeamCountry "HUN"]
[BlackTeamCountry "HUN"]

1. e4 e5 2. Nf3 Nc6 3. Bb5 a6 4. Ba4 Nf6 5. 0-0 Be7 6. d3 b5 7. Bb3 d6 8. a3 0-0 9. Re1 Rb8 10. Nbd2 Na5 11. Ba2 c5 12. c3 Nc6 13. Nf1 a5 14. h3 Qc7 15. d4 c4 16. a4 b4 17. Bxc4 bxc3 18. bxc3 exd4 19. cxd4 Nb4 20. Bb3 d5 21. exd5 Nfxd5 22. Bxd5 Nxd5 23. Ne3 Nxe3 24. Bxe3 Bb4 25. Rc1 Qd6 26. Bd2 Be6 27. Bxb4 Rxb4 28. Re5 Bd5 29. Re3 1/2-1/2

[Event "HUN-chT2 Toth 1718"]
[Site "Hungary"]
[Date "2018.03.04"]
[Round "9.7"]
[White "Szili, Istvan"]
[Black "Kelemen, David"]
[Result "0-1"]
[WhiteElo "1946"]
[BlackElo "1980"]
[PlyCount "60"]
[EventDate "2017.09.24"]
[EventType "team-tourn"]
[EventRounds "11"]
[EventCountry "HUN"]
[SourceTitle "EXT 2021"]
[Source "ChessBase"]
[SourceDate "2020.10.23"]
[SourceVersion "1"]
[SourceVersionDate "2020.10.23"]
[SourceQuality "1"]
[WhiteTeam "Kecskemet Takisz"]
[BlackTeam "Mako Duocor II"]
[WhiteTeamCountry "HUN"]
[BlackTeamCountry "HUN"]

1. e4 c5 2. Nf3 g6 3. c3 Bg7 4. Bd3 Nc6 5. 0-0 d5 6. Qe2 Nf6 7. exd5 Nxd5 8. Bb5 0-0 9. Bxc6 bxc6 10. Re1 e5 11. d3 Ba6 12. c4 Nc7 13. Nc3 Re8 14. Ne4 Ne6 15. Be3 Qe7 16. Nfg5 Nd4 17. Bxd4 cxd4 18. Nf3 f5 19. Ng3 c5 20. Nd2 Bb7 21. f3 a5 22. Rab1 Ra6 23. b3 Re6 24. Qf1 h5 25. Re2 Bh6 26. Nh1 Be3+ 27. Nf2 Qg5 28. Rb2 e4 29. Kh1 Bxd2 30. Rbxd2 exf3 0-1

[Event "HUN-chT2 Toth 1718"]
[Site "Hungary"]
[Date "2017.12.17"]
[Round "6.7"]
[White "Kelemen, David"]
[Black "Sonkoly, Laszlo"]
[Result "1/2-1/2"]
[WhiteElo "1980"]
[BlackElo "2004"]
[PlyCount "45"]
[EventDate "2017.09.24"]
[EventType "team-tourn"]
[EventRounds "11"]
[EventCountry "HUN"]
[SourceTitle "EXT 2021"]
[Source "ChessBase"]
[SourceDate "2020.10.23"]
[SourceVersion "1"]
[SourceVersionDate "2020.10.23"]
[SourceQuality "1"]
[WhiteTeam "Mako Duocor II"]
[BlackTeam "Szeged Meritum"]
[WhiteTeamCountry "HUN"]
[BlackTeamCountry "HUN"]

1. e4 c5 2. Nf3 d6 3. d4 cxd4 4. Nxd4 Nf6 5. Nc3 a6 6. Be3 e5 7. Nb3 Be7 8. Qd2 Be6 9. 0-0-0 Ng4 10. g3 Nxe3 11. Qxe3 Nc6 12. Kb1 Qc7 13. f4 f6 14. Nd5 Bxd5 15. exd5 Nb8 16. Bd3 Nd7 17. Bf5 g6 18. Be6 0-0-0 19. fxe5 dxe5 20. Qa7 Qb8 21. Qb6 Qc7 22. Qa7 Qb8 23. Qb6 1/2-1/2

[Event "HUN-chT2 Toth 1617"]
[Site "Hungary"]
[Date "2016.12.11"]
[Round "6.5"]
[White "Kelemen, David"]
[Black "Miklos, Csaba"]
[Result "1/2-1/2"]
[WhiteElo "1969"]
[BlackElo "1978"]
[PlyCount "96"]
[EventDate "2016.09.25"]
[EventType "team-tourn"]
[EventRounds "11"]
[EventCountry "HUN"]
[SourceTitle "EXT 2021"]
[Source "ChessBase"]
[SourceDate "2020.10.23"]
[SourceVersion "1"]
[SourceVersionDate "2020.10.23"]
[SourceQuality "1"]
[WhiteTeam "Mako Duocor II"]
[BlackTeam "Kecskemet Takisz"]
[WhiteTeamCountry "HUN"]
[BlackTeamCountry "HUN"]

1. e4 c5 2. Nf3 e6 3. c4 d6 4. d4 cxd4 5. Nxd4 Nc6 6. Be3 Nf6 7. Nc3 Be7 8. Be2 0-0 9. 0-0 a6 10. Rc1 Bd7 11. f4 e5 12. fxe5 dxe5 13. Nf5 Bxf5 14. exf5 Nd4 15. Bxd4 exd4 16. Nb1 Qb6 17. Bf3 Nd7 18. Nd2 Bg5 19. Rb1 Ne5 20. Kh1 Bxd2 21. Qxd2 Nxc4 22. Qg5 h6 23. Qf4 Rad8 24. Rfd1 Rd7 25. Rd3 Qf6 26. b3 Qe5 27. Qh4 Ne3 28. Re1 Rfd8 29. Bxb7 Qxf5 30. Be4 Qg4 31. Qxg4 Nxg4 32. Rf1 Ne5 33. Rd2 f6 34. Rc1 Rd6 35. Kg1 Kf8 36. Kf1 Ng4 37. h3 Ne3+ 38. Ke2 Re8 39. Kd3 f5 40. Bf3 g5 41. Rc6 Rxc6 42. Bxc6 Rd8 43. b4 Ke7 44. a4 Rd6 45. b5 Kd8 46. Rb2 axb5 47. axb5 Kc7 48. Rb4 h5 1/2-1/2

[Event "HUN-chT2 Toth 1617"]
[Site "Hungary"]
[Date "2016.11.27"]
[Round "5.5"]
[White "Hajdu, Istvan"]
[Black "Kelemen, David"]
[Result "1-0"]
[WhiteElo "1995"]
[BlackElo "1969"]
[PlyCount "57"]
[EventDate "2016.09.25"]
[EventType "team-tourn"]
[EventRounds "11"]
[EventCountry "HUN"]
[SourceTitle "EXT 2021"]
[Source "ChessBase"]
[SourceDate "2020.10.23"]
[SourceVersion "1"]
[SourceVersionDate "2020.10.23"]
[SourceQuality "1"]
[WhiteTeam "Szentes Integral"]
[BlackTeam "Mako Duocor II"]
[WhiteTeamCountry "HUN"]
[BlackTeamCountry "HUN"]

1. e4 c5 2. Nf3 Nc6 3. Bb5 g6 4. 0-0 Bg7 5. Re1 Qc7 6. c3 Nf6 7. d4 cxd4 8. cxd4 0-0 9. Nc3 Na5 10. e5 Ne8 11. Nd5 Qd8 12. Bg5 f6 13. Nxe7+ Kh8 14. exf6 Nxf6 15. Ne5 a6 16. Bd3 d5 17. N5xg6+ hxg6 18. Nxg6+ Kg8 19. Ne7+ Kh8 20. Ng6+ Kg8 21. Nxf8 Kxf8 22. Qf3 Bd7 23. Qf4 Qb6 24. Bh6 Re8 25. Bg6 Re6 26. Qb8+ Ne8 27. Bxe8 Bxe8 28. Rxe6 Qxe6 29. Bxg7+ 1-0

[Event "HUN-chT2 Toth 1617"]
[Site "Hungary"]
[Date "2016.11.13"]
[Round "4.5"]
[White "Kelemen, David"]
[Black "Petro, Jozsef"]
[Result "1/2-1/2"]
[WhiteElo "1969"]
[BlackElo "2070"]
[PlyCount "81"]
[EventDate "2016.09.25"]
[EventType "team-tourn"]
[EventRounds "11"]
[EventCountry "HUN"]
[SourceTitle "EXT 2021"]
[Source "ChessBase"]
[SourceDate "2020.10.23"]
[SourceVersion "1"]
[SourceVersionDate "2020.10.23"]
[SourceQuality "1"]
[WhiteTeam "Mako Duocor II"]
[BlackTeam "Bekes"]
[WhiteTeamCountry "HUN"]
[BlackTeamCountry "HUN"]

1. c4 f5 2. Nc3 Nf6 3. g3 g6 4. Bg2 Bg7 5. e3 d6 6. Nge2 Nc6 7. Rb1 e5 8. 0-0 0-0 9. b4 e4 10. d4 exd3 11. Qxd3 Ne5 12. Qd1 c6 13. c5 d5 14. Nd4 Qe7 15. Qb3 Kh8 16. a4 Ne4 17. Rd1 Bd7 18. Bb2 Nc4 19. Qc2 Rae8 20. Bf1 Ne5 21. h3 g5 22. Bg2 Nc4 23. Nxe4 fxe4 24. Rbc1 Ne5 25. b5 g4 26. h4 Nd3 27. Rxd3 exd3 28. Qxd3 Qf7 29. Qc2 Kg8 30. Qe2 Qg6 31. a5 Bxd4 32. Bxd4 Bf5 33. a6 Bd3 34. Qa2 Bxb5 35. axb7 a6 36. Bxd5+ cxd5 37. Qxd5+ Qe6 38. Qg5+ Qg6 39. Qd5+ Qe6 40. Qg5+ Qg6 41. Qd5+ 1/2-1/2

[Event "HUN-chT2 Toth 1617"]
[Site "Hungary"]
[Date "2016.09.25"]
[Round "1.7"]
[White "Kelemen, David"]
[Black "Farkas, Sandor1111"]
[Result "1-0"]
[WhiteElo "1969"]
[BlackElo "1849"]
[PlyCount "51"]
[EventDate "2016.09.25"]
[EventType "team-tourn"]
[EventRounds "11"]
[EventCountry "HUN"]
[SourceTitle "EXT 2021"]
[Source "ChessBase"]
[SourceDate "2020.10.23"]
[SourceVersion "1"]
[SourceVersionDate "2020.10.23"]
[SourceQuality "1"]
[WhiteTeam "Mako Duocor II"]
[BlackTeam "Szeged Meritum"]
[WhiteTeamCountry "HUN"]
[BlackTeamCountry "HUN"]

1. e4 e6 2. d4 d5 3. Nd2 Nc6 4. c3 e5 5. dxe5 Nxe5 6. Ngf3 Bg4 7. Qa4+ Bd7 8. Qb3 Nxf3+ 9. Nxf3 dxe4 10. Ng5 Qf6 11. Qxb7 Qc6 12. Qb3 Nh6 13. Bc4 0-0-0 14. Bd5 Qa6 15. Nxf7 Nxf7 16. Bxf7 Bg4 17. f3 exf3 18. gxf3 Bxf3 19. Be6+ Rd7 20. Bxd7+ Kd8 21. Bg5+ Be7 22. Bb5 Qb6 23. Rd1+ Bxd1 24. Qd5+ Kc8 25. Bxe7 Bf3 26. Bd7+ 1-0

[Event "HUN-chT2 Toth 1516"]
[Site "Hungary"]
[Date "2016.04.17"]
[Round "11.3"]
[White "Vilagos, Nandor"]
[Black "Kelemen, David"]
[Result "0-1"]
[WhiteElo "2132"]
[BlackElo "1954"]
[PlyCount "110"]
[EventDate "2015.09.13"]
[EventType "team-tourn"]
[EventRounds "11"]
[EventCountry "HUN"]
[SourceTitle "EXT 2017"]
[Source "ChessBase"]
[SourceDate "2016.10.25"]
[SourceVersion "1"]
[SourceVersionDate "2016.10.25"]
[SourceQuality "1"]
[WhiteTeam "Szentes Integral"]
[BlackTeam "Mako SVSE II"]
[WhiteTeamCountry "HUN"]
[BlackTeamCountry "HUN"]

1. e4 g6 2. d4 Bg7 3. Nc3 Nc6 4. Be3 d5 5. exd5 Nb4 6. Bb5+ Bd7 7. Bc4 Bf5 8. Bb3 Nf6 9. Qd2 0-0 10. f3 Nbxd5 11. Nxd5 Nxd5 12. Bh6 a5 13. c3 b5 14. Ne2 Nb6 15. Ng3 Qd7 16. Nxf5 Qxf5 17. Qf4 Qxf4 18. Bxf4 c6 19. Kf2 a4 20. Bc2 Nd5 21. Bd2 a3 22. b4 e5 23. dxe5 Bxe5 24. Be4 Bxc3 25. Bxc3 Nxc3 26. Rhc1 Nxe4+ 27. fxe4 Ra4 28. Rab1 Rd8 29. Ke3 Rd6 30. Rc3 f6 31. Rd3 Rxd3+ 32. Kxd3 Ra7 33. Rb3 Kf7 34. Kd4 Ke6 35. Kc5 Ra6 36. Rh3 h5 37. Rg3 g5 38. Rf3 h4 39. g4 Ra8 40. Kxc6 Rc8+ 41. Kxb5 Rc2 42. h3 Rxa2 43. Ka4 Re2 44. Rxa3 Rxe4 45. Ka5 Kd6 46. Rc3 f5 47. gxf5 Re5+ 48. Ka6 Rxf5 49. b5 Rf4 50. b6 Rb4 51. b7 Ke5 52. Rc5+ Kd6 53. Rb5 Rxb5 54. Kxb5 Kc7 55. Ka6 Kb8 0-1

[Event "HUN-chT Csongrad Region"]
[Site "Hungary"]
[Date "2016.04.10"]
[Round "8.1"]
[White "Kelemen, David"]
[Black "Farkas, Sandor"]
[Result "1-0"]
[WhiteElo "1902"]
[BlackElo "1836"]
[PlyCount "57"]
[EventDate "2015.09.20"]
[EventType "team-tourn"]
[EventRounds "9"]
[EventCountry "HUN"]
[SourceTitle "EXT 2017"]
[Source "ChessBase"]
[SourceDate "2016.10.25"]
[SourceVersion "1"]
[SourceVersionDate "2016.10.25"]
[SourceQuality "1"]

1. e4 c5 2. Nf3 a6 3. c4 Nc6 4. Nc3 e5 5. d3 Nf6 6. g3 Be7 7. Bg2 0-0 8. 0-0 d6 9. h3 Be6 10. Ne1 Ne8 11. f4 exf4 12. gxf4 f5 13. Nd5 Bxd5 14. cxd5 Nd4 15. e5 Nc7 16. Be3 Ndb5 17. a4 Na7 18. Qb3 Kh8 19. d4 cxd4 20. Bxd4 b5 21. a5 Nc8 22. Nd3 g5 23. exd6+ Bf6 24. Bxf6+ Qxf6 25. dxc7 Qd4+ 26. Kh1 Nd6 27. Qc3 Qxc3 28. bxc3 g4 29. Rfe1 1-0

[Event "HUN-chT2 Toth 1516"]
[Site "Hungary"]
[Date "2015.11.29"]
[Round "5.7"]
[White "Szili, Istvan"]
[Black "Kelemen, David"]
[Result "0-1"]
[WhiteElo "1999"]
[BlackElo "1954"]
[PlyCount "210"]
[EventDate "2015.09.13"]
[EventType "team-tourn"]
[EventRounds "11"]
[EventCountry "HUN"]
[SourceTitle "CBM 170 Extra"]
[Source "ChessBase"]
[SourceDate "2016.02.25"]
[SourceVersion "1"]
[SourceVersionDate "2016.02.25"]
[SourceQuality "1"]
[WhiteTeam "Takisz"]
[BlackTeam "Mako SVSE II"]
[WhiteTeamCountry "HUN"]
[BlackTeamCountry "HUN"]

1. e4 c5 2. Nf3 Nc6 3. Bb5 g6 4. 0-0 Bg7 5. c3 Nf6 6. e5 Nd5 7. Bxc6 dxc6 8. d3 0-0 9. h3 Qc7 10. c4 Nb6 11. Qe2 Rd8 12. Nc3 Bf5 13. Rd1 Nd7 14. Bf4 Nf8 15. Bh2 Qa5 16. g4 Be6 17. Ne4 f5 18. exf6 exf6 19. Qe3 b6 20. Qf4 f5 21. gxf5 Bxf5 22. Nd6 Ne6 23. Qe3 Nd4 24. Nxd4 cxd4 25. Qf3 Rf8 26. Qxc6 Bxh3 27. Nb5 Bg4 28. Bd6 Bf3 29. Qd7 Rf7 30. Qe6 Bxd1 31. Rxd1 a6 32. Nc7 Qg5+ 33. Kf1 Rd8 34. Nd5 Bf8 35. Be5 Bg7 36. Bd6 Rxd6 37. Qxd6 Qh5 38. Rd2 Bh6 39. f4 Qh1+ 40. Ke2 Bxf4 41. Nxf4 Qh2+ 42. Kd1 Qxf4 43. Qxb6 g5 44. Qh6 Rf6 45. Qh5 Qf3+ 46. Qxf3 Rxf3 47. c5 Kf7 48. c6 Ke7 49. Rh2 Kd6 50. Rh6+ Kc7 51. Ke2 Rf7 52. b4 g4 53. Rh4 Rg7 54. Rh6 Rf7 55. Rh4 Rf4 56. Rxh7+ Kxc6 57. a4 g3 58. Rg7 Rf2+ 59. Ke1 Rf3 60. Ke2 Re3+ 61. Kd2 Rf3 62. Ke2 Rf2+ 63. Ke1 Ra2 64. Rg6+ Kb7 65. Rg7+ Kc8 66. Rxg3 Rxa4 67. Rg7 Rxb4 68. Kd2 a5 69. Kc2 a4 70. Rh7 Kb8 71. Rh1 Ka7 72. Rh7+ Ka6 73. Rh8 Ka7 74. Rh5 Kb6 75. Rh8 Kb7 76. Rh5 a3 77. Ra5 Rb2+ 78. Kc1 Rb3 79. Kc2 Rc3+ 80. Kd2 Kc6 81. Ra8 Kc5 82. Rb8 Kd5 83. Ra8 Ke6 84. Rd8 Ke5 85. Rd7 Rb3 86. Ra7 Kf4 87. Rf7+ Ke5 88. Ra7 Kd6 89. Ra8 Kc5 90. Rc8+ Kd6 91. Ra8 Rc3 92. Ra5 Kc6 93. Ra8 Kb5 94. Rb8+ Ka4 95. Ra8+ Kb3 96. Rb8+ Ka2 97. Rb4 Rb3 98. Rxd4 Kb1 99. Ra4 a2 100. Ke3 a1Q 101. Rxa1+ Kxa1 102. Ke4 Kb2 103. d4 Kc3 104. d5 Kc4 105. Ke5 Rd3 0-1